| 000 | 01066nam a2200229 4500 | ||
|---|---|---|---|
| 003 | NALT | ||
| 005 | 20251027162921.0 | ||
| 008 | 251017b th ||||| |||| 00| 0 tha d | ||
| 040 | _aNALT | ||
| 110 | 2 |
_aThailand Post Company Limited. _97835 |
|
| 245 | 1 | 0 |
_aAnnual report 2024 Thailand Post Company Limited / _cThailand Post Company Limited. _h[electronic resource] |
| 260 |
_aBangkok : _bThailand Post, _cn.d. |
||
| 300 | _aOnline resource | ||
| 505 | 2 | _aPart 1 -- Overview of the Organization -- Part 2 -- Business Trends -- Part 3 -- Business Model -- Part 4 -- Strategies and Resource Allocation -- Part 5 -- Risk -- Part 6 -- Corporate Governance -- Part 7 -- Operating Results -- Part 8 -- Other Information. | |
| 610 | 2 | 4 |
_aThailand Post Company Limited _xAnnual report _y2024 _966800 |
| 850 | _aNALT | ||
| 856 | 4 | 0 | _uhttps://www.thailandpost.co.th/un/article_detail/aboutus/89/33307 |
| 942 |
_2local _cEBK |
||
| 996 |
_ajidapa.t _bACQSTF _c2025-10-17 |
||
| 996 |
_avaree.k _bLIBSTF _c2025-10-27 |
||
| 996 |
_ajamriang.p _bCATSTF _c2025-10-27 |
||
| 999 |
_c107378 _d107378 |
||
| 998 |
_j1020 _k นางจำเรียง ระวังสำโรง |
||